Culture générale - Quiz #38 - Statistiques

Statistiques générales
  • Ce quiz a été pris 48 810 fois
  • Le résultat moyen est 9 sur 20
Statistiques - réponses
Question Réponse % Correct
Quel pays se trouve directement au sud du détroit de Gibraltar ? Maroc
84%
Que signifie le sigle OGM ? Organisme génétiquement modifié
79%
Quel objet confère à Mario le pouvoir de tirer des boules de feu ? La fleur
71%
Dans quel pays se situe la Transylvanie ? Roumanie
67%
Holstein et Angus sont des types de quoi ? Races bovines
61%
Quel constructeur automobile est le leader de la vente de véhicules hydrides depuis 1997 ? Toyota
60%
Que signifie mot à mot la locution latine "Cogito ergo sum" ? Je pense donc je suis
53%
Quel rappeur a signé les titres "Caroline", "Victime de la mode" et "Sonotone" ? MC Solaar
53%
Qui fut "generalísimo" et chef d'État de 1936 à 1975 ? Francisco Franco
49%
Quel blockbuster de 1997 raconte l'histoire d'un événement survenu 85 ans plus tôt ? Titanic
47%
Quelle ville a connue un « Grand Smog » en 1952 qui a tué au moins 4 000 personnes en quatre jours ? Londres
38%
De quelle partie du corps fait-on l'éloge lorsqu'on utilise l'adjectif "callipyge" ? Les fesses
35%
Quel est le prénom de Madame Bovary ? Emma
34%
Quel lac russe est à la fois le plus profond et le plus ancien du monde ? Lac Baïkal
34%
Quelle maladie est due à une carence profonde en vitamine C ? Le scorbut
33%
Qui composa en 1891 la musique du ballet "Casse-Noisette" ? Piotr Ilitch Tchaïkovski
33%
Quel personnage de comics a pour alter ego Diana Prince ? Wonder Woman
27%
De quel pays Frederik Willem de Klerk fut-il le dirigeant ? Afrique du Sud
24%
Si Hermès est 1, Aphrodite est 2 et Zeus est 5, à qui correspond 4 ? Arès
19%
Quel terme désigne couramment les animaux de l'ordre des chiroptères ? Chauve-souris
10%
Aucun quiz correspondant
Distribution des résultats
% des personnes avec chaque résultat
Percentile par nombre de réponses
Votre historique - résultats
Vous n’avez pas pris ce quiz